| 000 | 00753nam a2200217 a 4500 | ||
|---|---|---|---|
| 999 |
_c7342 _d7342 |
||
| 001 | 7342 | ||
| 003 | BD-JhCC | ||
| 005 | 20180224111011.0 | ||
| 008 | 180208s1992 bg a|||| ||a| 000 0 eng d | ||
| 035 | _a(BD-JhCC)7342 | ||
| 040 |
_aBD-JhCC _dBD-JhCC |
||
| 041 | _aeng | ||
| 082 |
_a954.9205 _bHAN 1992 |
||
| 100 | _aহান্নান, মোঃ আব্দুল | ||
| 245 |
_aস্বাধীনতা যুদ্ধে বুহত্তর কুষ্টিয়া / _cমোঃ আব্দুল হান্নান, |
||
| 260 |
_aঢাকা : _bপূর্বা প্রকাশনী, _c1992 |
||
| 300 |
_a199 p. : _c24 cm. |
||
| 650 |
_aRevolution 1971 _xHistory _zBangladesh, Kustia |
||
| 942 |
_2ddc _cBK |
||